Anuario de estadísticas criminales

Salvato in:
Dettagli Bibliografici
Natura: Libro
Lingua:spagnolo
Pubblicazione: Santiago Fundación Paz Ciudadana 1994
Soggetti:
Tags: Aggiungi Tag
Nessun Tag, puoi essere il primo ad aggiungerne!!

MARC

LEADER 00000nam a2200000 a 4500
001 UCY3229
003 CL-VaPUC
008 941219e19940000CL |||||||||||||||||spa|d
082 0 4 |a 364.102  |b ANU  |2 21 
245 1 0 |a Anuario de estadísticas criminales 
300 |a 457 p 
942 |c BK 
945 |d 19941219 00:00:00  |a rbrito 
260 |a Santiago  |b Fundación Paz Ciudadana  |c 1994 
650 7 |a ESTADISTICA CRIMINAL  |2 CL-VaPUC  |9 331494 
651 7 |a CHILE  |2 CL-VaPUC  |9 331495 
583 |a last modification  |c 19941219 00:00:00  |k Rodrigo Vera 
999 |c 231433  |d 231431 
952 |0 0  |1 0  |4 0  |6 364_102000000000000_ANU_1994  |7 0  |8 A  |9 234685  |a BIBDER  |b BIBDER  |d 2019-11-15  |i 3031578  |o 364.102 ANU 1994  |p 3031578  |r 2023-01-25  |w 2019-11-15  |y BK  |k DER